000 01131cam a22002175a 4500
001 L149553
008 100319e2010 xxk 000 0 eng d
035 _a(Sirsi) u149553
041 0 _aeng
100 1 _aSandher, Hardeep
245 0 0 _aMarkets
_bYorkshire and Lincolnshire
260 _c2010
490 _aProperty Week
_v76(10) 12 March 2010, 55-65(5)
520 _aBritish Land unveils plans for a massive mixed-use development in Sheffield. UK Coal will be the sole funder of its £800m residential-led Waverley scheme at Orgreave and a 600 000 sq ft government campus. Grantside's redevelopment of the old Terry's chocolate factory in York will come on stream in 2011. Leeds' moribund office market may be propped up by council space requirements. Yorkshire's logistics market improves with 1.71m sq ft take-up in 2009 over 1.61m sq ft in 2008. Lincolnshire County Council is giving the green light to business in the county.
590 _aKA
651 4 _aYorkshire
_y1888-
651 4 _aLincolnshire
690 _aPROPERTY-COMMERCIAL PROPERTY-COMMERCIAL PROPERTY MARKET
700 1 _aCoates, Shelagh
942 _n0
999 _c82208
_d82208